The skinny rules : the simple, nonnegotiable principles for getting to thin /

Bob Harper, superstar trainer and co-host of NBC's reality show "The Biggest Loser," distills his knowledge of nutrition, weight-loss strategy, and human nature down to twenty simple, nonnegotiable principles and offers a month's worth of menu plans and more than 90 rule-abiding...

Full description

Bibliographic Details
Main Author: Harper, Bob
Other Authors: Critser, Greg
Format: Book
Language:English
Published: New York : Ballantine Books, [2012]
Edition:1st ed.
Subjects:

MARC

Tag First Indicator Second Indicator Subfields
LEADER 00000cam a2200000 a 4500
001 in00002751908
005 20151202170844.0
008 120319s2012 nyu 001 0 eng
010 |a  2012009034 
016 7 |a 016048913  |2 Uk 
020 |a 9780345533128 (hardcover : alk. paper) 
020 |a 0345533127 (hardcover : alk. paper) 
020 |a 9780345533135 (ebook) 
020 |a 0345533135 (ebook) 
035 |a (OCoLC)ocn753624743 
040 |a DLC  |b eng  |c DLC  |d BTCTA  |d WIM  |d BDX  |d UKMGB  |d UPZ  |d MCBBL  |d JTH  |d BUR  |d YDXCP  |d UtOrBLW 
042 |a pcc 
049 |a TXAM 
050 0 0 |a RM222.2  |b H246 2012 
082 0 0 |a 613.2/5  |2 23 
100 1 |a Harper, Bob. 
245 1 4 |a The skinny rules :  |b the simple, nonnegotiable principles for getting to thin /  |c Bob Harper ; with Greg Critser. 
250 |a 1st ed. 
264 1 |a New York :  |b Ballantine Books,  |c [2012] 
264 4 |c ©2012 
300 |a xix, 278 pages ;  |c 22 cm. 
336 |a text  |b txt  |2 rdacontent 
337 |a unmediated  |b n  |2 rdamedia 
338 |a volume  |b nc  |2 rdacarrier 
500 |a Includes index. 
520 |a Bob Harper, superstar trainer and co-host of NBC's reality show "The Biggest Loser," distills his knowledge of nutrition, weight-loss strategy, and human nature down to twenty simple, nonnegotiable principles and offers a month's worth of menu plans and more than 90 rule-abiding recipes for breakfast, lunch, dinner, and snacks to keep you cooking and eating skinny. 
505 0 |a Pt. 1: The Skinny Rules. Drink a large glass of water before every meal--no excuses! ; Don't drink your calories ; Eat protein at every meal-or stay hungry and grouchy ; Slash your intake of refined flours and grains ; Eat 30 to 50 grams of fiber a day ; Eat apples and berries every single day. Every single. Day! ; No carbs after lunch ; Learn to read food labels so you know what you are eating ; Stop guessing about portion size and get it right--for good ; No more added sweeteners, including artificial ones ; Get rid of those white potatoes ; Make one day a week meatless ; Get rid of fast foods and fried foods ; Eat a real breakfast ; Make your own food and eat at least ten meals a week at home ; Banish high-salt foods ; Eat your vegetables--just do it! ; Go to bed hungry ; Sleep right ; Plan one splurge meal a week -- Pt. 2: The Skinny Way. Set yourself up for success ; The menus -- Pt. 3: The Skinny Tools. The core recipes: Proteins ; Eggs ; Fish ; Poultry ; Red meat ; Beans ; Vegetables ; Dressings/sauces ; Three core extras -- More Skinny Way recipes. Breakfast options ; Lots of lunch ; Delicious dinners. 
650 0 |a Weight loss. 
650 0 |a Physical fitness. 
650 0 |a Exercise. 
700 1 |a Critser, Greg. 
948 |a cataloged  |b h  |c 2012/5/30  |d c  |e ceaton  |f 12:09:45 pm 
994 |a C0  |b TXA 
999 |a MARS 
999 f f |s d1befa8b-3fe6-3e5b-b8ec-d42265e728da  |i 4dba7b70-678d-37fe-9dc1-629f0821bbfc  |t 0 
952 f f |p normal  |a Texas A&M University  |b College Station  |c Sterling C. Evans Library  |d Evans: Library Stacks  |t 0  |e RM222.2 H246 2012  |h Library of Congress classification  |i unmediated -- volume  |m A14841401725 
998 f f |a RM222.2 H246 2012  |t 0  |l Evans: Library Stacks